00416nam a2200133 a 450000100100000000500170001000800410002704000250006808200150009310000360010824500600014426000580020430000200026200003265920200930065748.0110725s1941 dr 000 0 spa d aDO-SdBNPbspacBNPHU axxxxbL4731 aLedesma Piedra ., J. Bienvenido10aBiografía del libertador. /cJ. Bienvenido Ledesma P. aSantiago, República Dominicana :bEl Diario,c1941. a114 p. ;c16 p.